Schule für die altblockflöte: stützfingertechnik zugleich duettbuch für schüler und lehrer. Anhang: technische studien für die solo-blockflöte

Guardat en:
Dades bibliogràfiques
Autor principal: Giesbert, Franz J (Autor)
Format: Llibre
Idioma:alemany
Publicat: Mainz B. Schott's Söhne 1965
Col·lecció:Edition Schott, 2562
Matèries:
Etiquetes: Afegir etiqueta
Sense etiquetes, Sigues el primer a etiquetar aquest registre!

MARC

LEADER 00000nam a2200000 a 4500
001 UCN9750
003 CL-VaPUC
005 20220107090735.0
008 011221e19650000GW |||||||||||||||||ger|d
999 |c 298988  |d 298986 
040 |c Pontificia Universidad Católica de Valparaíso 
082 0 4 |a Fd788.365193 GIE 1965  |b GIE  |2 21 
100 |a Giesbert, Franz J  |e author  |9 629267 
245 1 0 |a Schule für die altblockflöte: stützfingertechnik zugleich duettbuch für schüler und lehrer. Anhang: technische studien für die solo-blockflöte 
260 |a Mainz  |b B. Schott's Söhne  |c 1965 
300 |a 79 p 
490 0 |a Edition Schott, 2562 
583 |a last modification  |c 20011221 00:00:00  |k Rodrigo Vera 
650 7 |a FLAUTA DULCE CONTRALTO - PEDAGOGIA INSTRUMENTAL  |2 CL-VaPUC  |9 466345 
650 7 |a FLAUTA DULCE CONTRALTO - REPERTORIO PROGRESIVO  |2 CL-VaPUC  |9 466346 
650 7 |a FLAUTA DULCE CONTRALTO - TECNICAS DE EJECUCION  |2 CL-VaPUC  |9 466347 
650 7 |a FLAUTA DULCE CONTRALTO - EJERCICIOS Y ESTUDIOS  |2 CL-VaPUC  |9 466348 
650 7 |a FLAUTA DULCE CONTRALTO - INTERPRETACION  |2 CL-VaPUC  |9 466349 
942 |c BK  |2 ddc 
945 |d 20011221 00:00:00  |a lriquelm 
952 |0 0  |1 0  |4 0  |6 FD_788_365193000000000_GIE_1965  |7 0  |8 F  |9 355087  |a BIBEDU  |b BIBEDU  |d 2019-11-21  |i 1153927  |o Fd788.365193 GIE 1965  |p 1153927  |r 2023-11-22  |w 2019-11-21  |y BK_F  |k MUS 
952 |0 0  |1 0  |4 0  |6 FD_788_365193000000000_GIE_1965  |7 0  |8 F  |9 355088  |a BIBEDU  |b BIBEDU  |d 2019-11-21  |i 1153935  |o Fd788.365193 GIE 1965  |p 1153935  |r 2023-11-22  |w 2019-11-21  |y BK_F  |k MUS